Deceased Singers - Statistics

General Stats
  • This quiz has been taken 79 times
  • The average score is 9 of 15
Answer Stats
Hint Answer % Correct
Singer who had a younger sister called Janet Michael Jackson
97%
UK female singer who died at the age of 27 .. maybe she should have gone to rehab Amy Winehouse
93%
UK star who was murdered in New York in 1980 John Lennon
90%
Biggest selling male artist of all time who died in 1977 Elvis Presley
86%
Wife of Bobby Brown Whitney Houston
84%
UK singer who had hit duets with Queen, Bing Crosby & Mick Jagger David Bowie
81%
Female singer who had 4 US number 1's in the 70's and was hailed as the Queen Of Disco Donna Summer
81%
UK male singer formerly part of a successful duo who went on to have a huge solo career George Michael
76%
This singer left his heart in San Francisco but died in New York Tony Bennett
62%
Had a huge UK hit with Stand By Your Man Tammy Wynette
53%
Sang J'taime ... Moi Non Plus with Serge Gainsbourg Jane Birkin
36%
US female who was part of a successful 60's 'Hippy' band who had several solo hits .. she died in London Mama Cass
36%
'King Of Glam Rock' who died exactly a month after Number 5 Marc Bolan
33%
Male Belgian singer who had huge 60's and 70's success in mainland Europe Jacques Brel
12%
UK singer who was huge in the 60's, having two number 1 singles then went on to become a successful TV presenter Cilla Black
10%
No matching quizzes found
Score Distribution
Percent of People with Each Score
Percentile by Number Answered
Your Score History
You have not taken this quiz